000 00624nam a2200229Ia 4500
003 OSt
005 20220918191822.0
006 a|||||r|||| 00| 0
007 ta
008 220917b |||||||| |||| 00| 0 eng d
024 _a65,294
037 _cTextual
040 _aARTS
_cARTS
_beng
041 _2eng
_aeng
082 _aR1z7, K8
100 _aVon Wright G H
_976574
245 0 _aEssay in deontic logic and the general theory of action
260 _aAmsterdam
_bNorth Holland Publishing
_c1968
650 _aPHILOSOPHY
942 _hR1z7, K8
_cTEXL
_2CC
999 _c191544
_d191544